[Event "22nd EUR-ch (w)"]
[Site "Prague CZE"]
[Date "2022.08.29"]
[Round "9.32"]
[White "Garcia Martin, Marta"]
[Black "Kanakova, Natalie"]
[Result "0-1"]
[WhiteElo "2305"]
[BlackElo "2171"]
[EventDate "2022.08.20"]
[PlyCount "78"]

1.e4 e6 2.d4 d5 3.e5 c5 4.c3 Nc6 5.Nf3 Qb6 6.Bd3 Bd7 7.dxc5 Bxc5 8.O-O Qc7
9.Re1 Nge7 10.b4 Bb6 11.Na3 a6 12.Rb1 Ng6 13.c4 Ncxe5 14.Nxe5 Nxe5 15.c5 
Ba7 16.Bf4 f6 17.Qh5+ Kf8 18.Rxe5 Be8 19.Qf3 fxe5 20.Bxe5+ Qf7 21.Qg3 h5 
22.h4 Rh6 23.Bd6+ Kg8 24.b5 axb5 25.Nxb5 Bxb5 26.Rxb5 Rc8 27.Be2 e5 28.
Bxe5 Rxc5 29.Rxc5 Bxc5 30.Bf3 Bf8 31.Bd4 Qf5 32.Qb8 Rc6 33.Be3 Rg6 34.Bg5 
b6 35.Bxh5 Re6 36.Bf3 Kh7 37.Bf4 Qf6 38.Bg3 Bd6 39.Qxb6 Re1+ 0-1

[Event "22nd EUR-ch (w)"]
[Site "Prague CZE"]
[Date "2022.08.29"]
[Round "9.33"]
[White "Lhotska, Anna"]
[Black "Movsesian, Julia"]
[Result "0-1"]
[WhiteElo "2081"]
[BlackElo "2291"]
[EventDate "2022.08.20"]
[PlyCount "84"]

1.e4 e5 2.Nf3 Nc6 3.Bc4 Nf6 4.d3 Bc5 5.a4 d6 6.Nc3 a6 7.h3 Be6 8.O-O Bxc4 
9.dxc4 h6 10.Qd3 O-O 11.Nd5 Nxd5 12.cxd5 Ne7 13.a5 Ng6 14.c3 Qd7 15.b4 Ba7
16.Be3 f5 17.Bxa7 Rxa7 18.exf5 Rxf5 19.Nd2 Nf4 20.Qe3 Rg5 21.g4 Rxg4+ 22.
hxg4 Qxg4+ 23.Qg3 Ne2+ 24.Kg2 Nxg3 25.fxg3 Ra8 26.Rae1 Rf8 27.Rxf8+ Kxf8 
28.Ne4 Ke7 29.c4 h5 30.b5 h4 31.b6 cxb6 32.axb6 a5 33.c5 dxc5 34.Re3 h3+ 
35.Kh2 Qf5 36.d6+ Kd7 37.Nxc5+ Kxd6 38.Nxb7+ Ke7 39.Ra3 Qe4 40.Kxh3 Qxb7 
41.Rxa5 Kf6 42.Rb5 Qd7+ 0-1

[Event "22nd EUR-ch (w)"]
[Site "Prague CZE"]
[Date "2022.08.29"]
[Round "9.34"]
[White "Sieber, Fiona"]
[Black "Koridze, Lile"]
[Result "1-0"]
[WhiteElo "2280"]
[BlackElo "2081"]
[EventDate "2022.08.20"]
[PlyCount "81"]

1.e4 c5 2.Nf3 d6 3.d4 cxd4 4.Nxd4 Nf6 5.Nc3 a6 6.Nb3 g6 7.Be2 Bg7 8.Be3 
O-O 9.g4 h6 10.h4 Kh7 11.g5 Ng8 12.h5 e6 13.Qd2 Ne7 14.O-O-O d5 15.hxg6+ 
fxg6 16.gxh6 Bh8 17.exd5 Nf5 18.Bc5 Re8 19.Ne4 Be5 20.f4 Bf6 21.Bb6 Qe7 
22.d6 Qf7 23.Nxf6+ Qxf6 24.Nc5 Ng3 25.Rh2 Nd7 26.Nxd7 Nxe2+ 27.Rxe2 Bxd7 
28.Bd4 Qf7 29.Qe3 Rf8 30.Be5 b5 31.Rg2 Rac8 32.Rg5 Rg8 33.Qa7 b4 34.b3 Rc6
35.Rd2 Rgc8 36.Kb1 Rc5 37.Rdg2 Be8 38.d7 Rxe5 39.dxe8=Q Re1+ 40.Kb2 Qxa7 
41.Qxg6+ 1-0

[Event "22nd EUR-ch (w)"]
[Site "Prague CZE"]
[Date "2022.08.29"]
[Round "9.35"]
[White "Doluhanova, Evgeniya"]
[Black "Nilssen, Ellen Fredericia"]
[Result "1/2-1/2"]
[WhiteElo "2278"]
[BlackElo "2139"]
[EventDate "2022.08.20"]
[PlyCount "114"]

1.c4 c5 2.Nf3 Nc6 3.g3 g6 4.Bg2 Bg7 5.e4 e5 6.d3 Nge7 7.Be3 d6 8.Qd2 O-O 
9.Bh6 f5 10.Bxg7 Kxg7 11.Nc3 Nd4 12.Nxd4 cxd4 13.Ne2 fxe4 14.Bxe4 Rb8 15.
h4 Ng8 16.h5 Be6 17.hxg6 hxg6 18.f4 b5 19.c5 Bg4 20.Rh4 Bxe2 21.Kxe2 d5 
22.Bf3 Rxf4 23.Rxf4 exf4 24.Qxf4 Nf6 25.Qxd4 Qc7 26.Kf2 Rh8 27.Rh1 Rxh1 
28.Bxh1 Qa5 29.Qc3 b4 30.Qd4 b3 31.axb3 Qd2+ 32.Kg1 Qd1+ 33.Kg2 Qe2+ 34.
Kh3 Qh5+ 35.Qh4 Qf5+ 36.g4 Qxd3+ 37.Qg3 Qc2 38.Qc7+ Kh6 39.Qf4+ Kg7 40.g5 
Nh5 41.Qe5+ Kh7 42.Bxd5 Qd3+ 43.Kh4 Ng7 44.Be4 Qf1 45.Qh2 Nh5 46.Bxg6+ 
Kxg6 47.Qd6+ Kg7 48.Qd4+ Kg6 49.Qe4+ Kg7 50.Qe5+ Kg6 51.Qe6+ Kg7 52.Qd7+ 
Kg6 53.Qc6+ Kg7 54.Qd7+ Kg6 55.Qe6+ Kg7 56.Qh6+ Kg8 57.Qe6+ Kg7 1/2-1/2

[Event "22nd EUR-ch (w)"]
[Site "Prague CZE"]
[Date "2022.08.29"]
[Round "9.36"]
[White "Eric, Jovana"]
[Black "Vanduyfhuys, Daria"]
[Result "1-0"]
[WhiteElo "2244"]
[BlackElo "2054"]
[EventDate "2022.08.20"]
[PlyCount "65"]

1.e4 c5 2.Nf3 d6 3.d4 cxd4 4.Nxd4 Nf6 5.Nc3 a6 6.Be3 e5 7.Nb3 Be6 8.f3 h5 
9.Nd5 Bxd5 10.exd5 Nbd7 11.Qd2 g6 12.Na5 Qc7 13.c4 Bg7 14.Be2 e4 15.Rc1 
exf3 16.Bxf3 O-O 17.O-O Rfe8 18.b4 Ne5 19.c5 Nxf3+ 20.gxf3 Qd7 21.Nc4 Rad8
22.Nxd6 Re5 23.Bg5 Rxd5 24.Qf4 Ne8 25.Bxd8 Nxd6 26.cxd6 Qxd8 27.Rfd1 Rg5+ 
28.Kh1 Rf5 29.Qe3 Kh7 30.d7 Re5 31.Qd3 Bf6 32.Rc8 Qe7 33.Re8 1-0

[Event "22nd EUR-ch (w)"]
[Site "Prague CZE"]
[Date "2022.08.29"]
[Round "9.37"]
[White "Kubicka, Anna"]
[Black "Lomaia, Diana"]
[Result "1/2-1/2"]
[WhiteElo "2237"]
[BlackElo "1955"]
[EventDate "2022.08.20"]
[PlyCount "113"]

1.e4 c5 2.Nf3 g6 3.d4 cxd4 4.Qxd4 Nf6 5.Nc3 Nc6 6.Qa4 d6 7.e5 dxe5 8.Nxe5 
Bd7 9.Nxd7 Qxd7 10.Bb5 Rc8 11.O-O a6 12.Bd3 Bg7 13.h3 O-O 14.Rd1 Qc7 15.
Qh4 Rfd8 16.Be3 b5 17.a3 e5 18.Bg5 Rd4 19.Ne4 Nxe4 20.Bxe4 f5 21.Rxd4 Nxd4
22.Bd5+ Kh8 23.c3 Qd7 24.Ba2 Ne6 25.Bxe6 Qxe6 26.Rd1 Kg8 27.Qb4 Bf8 28.Qa5
h6 29.Be3 f4 30.Ba7 e4 31.Qb6 Rc6 32.Qd8 Rc8 33.Qd7 Re8 34.Qxe6+ Rxe6 35.
Bb8 g5 36.Kf1 Kf7 37.Ke2 Bc5 38.Rd5 Bb6 39.Be5 Kg6 40.f3 Kf5 41.Bd4+ Kg6 
42.fxe4 Rxe4+ 43.Kf3 Re6 44.Bxb6 Rxb6 45.Ke4 Re6+ 46.Re5 Rd6 47.a4 bxa4 
48.Ra5 Rb6 49.Rxa4 Rxb2 50.Rxa6+ Kh5 51.Kf3 Rc2 52.Rc6 Rd2 53.Rc5 Rc2 54.
Rc8 Rd2 55.Rc6 Rc2 56.Rc4 Rc1 57.Rc6 1/2-1/2

[Event "22nd EUR-ch (w)"]
[Site "Prague CZE"]
[Date "2022.08.29"]
[Round "9.38"]
[White "Vega Gutierrez, Sabrina"]
[Black "Huda, Maryana"]
[Result "1/2-1/2"]
[WhiteElo "2366"]
[BlackElo "2128"]
[EventDate "2022.08.20"]
[PlyCount "52"]

1.e4 e5 2.Nf3 Nc6 3.Bb5 a6 4.Ba4 Nf6 5.O-O b5 6.Bb3 Bb7 7.d3 Be7 8.c4 b4 
9.a3 a5 10.Ba4 d6 11.Ne1 O-O 12.Bd2 bxa3 13.bxa3 Nd7 14.Nc3 Nc5 15.Rb1 Nd4
16.Nc2 f5 17.Nxd4 exd4 18.Ne2 fxe4 19.Nxd4 Qc8 20.Nc6 Bf6 21.d4 Nxa4 22.
Qxa4 Ra6 23.Nxa5 e3 24.fxe3 Bxg2 25.Kxg2 Qg4+ 26.Kh1 Qe4+ 1/2-1/2

[Event "22nd EUR-ch (w)"]
[Site "Prague CZE"]
[Date "2022.08.29"]
[Round "9.39"]
[White "Gajcin, Marina"]
[Black "Petrova, Irina"]
[Result "1-0"]
[WhiteElo "2244"]
[BlackElo "2127"]
[EventDate "2022.08.20"]
[PlyCount "89"]

1.e4 c5 2.Nf3 Nc6 3.d4 cxd4 4.Nxd4 Nf6 5.Nc3 e5 6.Ndb5 d6 7.Bg5 a6 8.Na3 
b5 9.Nd5 Be7 10.Bxf6 Bxf6 11.c4 b4 12.Nc2 a5 13.b3 O-O 14.g3 Bg5 15.h4 Bh6
16.Bh3 Be6 17.Kf1 Ne7 18.Nde3 Bxe3 19.Nxe3 Nc6 20.Kg2 Ra7 21.Qd3 a4 22.
Rad1 axb3 23.axb3 Nd4 24.Nc2 Nxc2 25.Qxc2 Bxh3+ 26.Rxh3 Qa8 27.g4 f5 28.
gxf5 Rxf5 29.Rxd6 Rf8 30.Rd2 Raf7 31.c5 Qc6 32.Qc4 Qf6 33.c6 Qf4 34.Rc2 
Qg4+ 35.Rg3 Qxh4 36.c7 Rc8 37.Qxb4 h5 38.Qb7 Rff8 39.Qd5+ Rf7 40.Qxe5 Re7 
41.Qd5+ Kh8 42.Qd8+ Kh7 43.f3 Rxe4 44.Qxc8 Re1 45.Qf5+ 1-0

[Event "22nd EUR-ch (w)"]
[Site "Prague CZE"]
[Date "2022.08.29"]
[Round "9.40"]
[White "Sankova, Stella"]
[Black "Van Foreest, Machteld"]
[Result "0-1"]
[WhiteElo "2067"]
[BlackElo "2235"]
[EventDate "2022.08.20"]
[PlyCount "68"]

1.e4 c5 2.Nf3 e6 3.b3 b6 4.d4 Bb7 5.d5 Nf6 6.Nc3 d6 7.Bb5+ Nbd7 8.dxe6 
fxe6 9.e5 dxe5 10.Nxe5 a6 11.Bxd7+ Nxd7 12.Qh5+ g6 13.Nxg6 Nf6 14.Qh3 hxg6
15.Qxh8 Qd4 16.Bd2 Qe5+ 17.Kf1 O-O-O 18.Rd1 Qf5 19.Be1 Bd6 20.Qh4 g5 21.
Qc4 Ng4 22.Kg1 Ne5 23.Qe2 Nf3+ 24.Kf1 Nh4 25.f3 Nxf3 26.Qf2 Nxh2+ 27.Kg1 
Qg4 28.Rxd6 Nf3+ 29.Kf1 Rf8 30.Qg3 Nh2+ 31.Kg1 Rf1+ 32.Kxh2 Qh5+ 33.Qh3 
Rxh1+ 34.Kxh1 Qxh3+ 0-1

[Event "22nd EUR-ch (w)"]
[Site "Prague CZE"]
[Date "2022.08.29"]
[Round "9.41"]
[White "Froewis, Annika"]
[Black "Richtrova, Eliska"]
[Result "1-0"]
[WhiteElo "2044"]
[BlackElo "2204"]
[EventDate "2022.08.20"]
[PlyCount "85"]

1.e4 c6 2.d4 d5 3.Nc3 g6 4.h3 Bg7 5.Nf3 Nh6 6.e5 f6 7.Bf4 Nf7 8.exf6 exf6 
9.Be2 O-O 10.O-O b6 11.Re1 Na6 12.a3 Nc7 13.Na2 Ne6 14.Bh2 Nd6 15.Nb4 Qd7 
16.c3 a5 17.Nd3 Bh6 18.Qc2 Kg7 19.Nh4 Ba6 20.Bg4 Rae8 21.Nf4 f5 22.Nxe6+ 
Rxe6 23.Be5+ Kg8 24.Be2 Bxe2 25.Rxe2 Rfe8 26.Rae1 Nf7 27.g3 Qe7 28.Kf1 Ng5
29.Bf4 Rxe2 30.Rxe2 Qxe2+ 31.Qxe2 Rxe2 32.Kxe2 Kg7 33.Bc7 Nxh3 34.f4 Kf6 
35.Bxb6 g5 36.fxg5+ Nxg5 37.Bxa5 Ne4 38.Bc7 Bc1 39.a4 Bxb2 40.a5 Bxc3 41.
Be5+ Ke6 42.a6 Nd6 43.a7 1-0

[Event "22nd EUR-ch (w)"]
[Site "Prague CZE"]
[Date "2022.08.29"]
[Round "9.42"]
[White "Lehaci, Miruna-Daria"]
[Black "Hrebenshchykova, Yelyzaveta"]
[Result "1/2-1/2"]
[WhiteElo "2186"]
[BlackElo "2123"]
[EventDate "2022.08.20"]
[PlyCount "91"]

1.e4 e6 2.d4 d5 3.Nc3 Bb4 4.e5 c5 5.Bd2 cxd4 6.Nb5 Bf8 7.Nxd4 Nc6 8.Ngf3 
Nge7 9.h4 Nxd4 10.Nxd4 Nf5 11.Nxf5 exf5 12.Qf3 a6 13.Bd3 Qd7 14.h5 Qe6 15.
O-O Be7 16.Rfe1 O-O 17.Bc3 Bd7 18.Bd4 Rac8 19.Rad1 Bc5 20.Bxc5 Rxc5 21.c3 
g6 22.Bb1 Bc6 23.Qf4 Re8 24.Re3 Rc4 25.Rd4 Bd7 26.Bd3 Rxd4 27.Qxd4 Bb5 28.
Bc2 Rc8 29.b3 Qe7 30.hxg6 hxg6 31.Bd1 Bc6 32.Bf3 Rd8 33.g3 g5 34.Re1 Qe6 
35.Bg2 Re8 36.f4 f6 37.Kf2 Kf7 38.Re3 g4 39.a4 Kg6 40.Bf1 Qf7 41.exf6 Re4 
42.Qd3 Qh7 43.Ke1 Qh2 44.Rxe4 dxe4 45.Qe3 Qh1 46.f7 1/2-1/2

[Event "22nd EUR-ch (w)"]
[Site "Prague CZE"]
[Date "2022.08.29"]
[Round "9.43"]
[White "Pavlidou, Ekaterini"]
[Black "Butenandt, Svenja"]
[Result "1-0"]
[WhiteElo "2158"]
[BlackElo "2032"]
[EventDate "2022.08.20"]
[PlyCount "61"]

1.d4 Nf6 2.c4 e6 3.Nc3 Bb4 4.e3 O-O 5.Bd3 d5 6.a3 Bxc3+ 7.bxc3 dxc4 8.Bxc4
c5 9.Ne2 Qc7 10.Ba2 b6 11.O-O Ba6 12.Bb2 Nc6 13.Rc1 Rfd8 14.Re1 Na5 15.Ng3
Qc6 16.e4 Bc4 17.Bb1 e5 18.Nf5 Qb5 19.Qd2 Ne8 20.a4 Qxa4 21.Re3 Qd7 22.Rg3
g6 23.d5 Kh8 24.Qh6 Kg8 25.Re1 Nb7 26.h4 Nbd6 27.h5 a5 28.Bc1 Qc7 29.Bg5 
Rd7 30.Ne3 Bb3 31.Ng4 1-0

[Event "22nd EUR-ch (w)"]
[Site "Prague CZE"]
[Date "2022.08.29"]
[Round "9.44"]
[White "Sochorova, Petra"]
[Black "Kazarian, Anna-Maja"]
[Result "0-1"]
[WhiteElo "2019"]
[BlackElo "2139"]
[EventDate "2022.08.20"]
[PlyCount "46"]

1.e4 e6 2.d4 d5 3.Nc3 Nf6 4.Bg5 dxe4 5.Nxe4 Nbd7 6.Nf3 Be7 7.Nxf6+ Bxf6 8.
h4 h6 9.Bxf6 Qxf6 10.Qd2 c5 11.O-O-O O-O 12.Qe3 b6 13.Qe4 Rb8 14.Bd3 Rd8 
15.Qh7+ Kf8 16.Ne5 Nxe5 17.dxe5 Qxe5 18.Rhe1 Qf6 19.Bb5 Bb7 20.Qh8+ Ke7 
21.Rd7+ Rxd7 22.Qxb8 Qxf2 23.Qe5 Qd2+ 0-1

[Event "22nd EUR-ch (w)"]
[Site "Prague CZE"]
[Date "2022.08.29"]
[Round "9.45"]
[White "Pipiras, Filipa Fortuna"]
[Black "Grineva, Marianna"]
[Result "1-0"]
[WhiteElo "2135"]
[BlackElo "2006"]
[EventDate "2022.08.20"]
[PlyCount "77"]

1.d4 g6 2.c4 Bg7 3.Nc3 c5 4.d5 Bxc3+ 5.bxc3 Qa5 6.e4 Nf6 7.f3 d6 8.Qc2 
Nbd7 9.Bd2 h5 10.f4 Nb6 11.Bd3 Bd7 12.e5 Ng4 13.h3 Nh6 14.e6 fxe6 15.Bxg6+
Kd8 16.Nf3 Qa4 17.Qxa4 Nxa4 18.g4 exd5 19.g5 Nf5 20.cxd5 Kc7 21.c4 Rag8 
22.Bf7 Rg7 23.g6 Nh6 24.Ng5 Nf5 25.Kf2 Nh4 26.Rae1 Nxg6 27.Rhg1 Nf8 28.
Rxe7 Kd8 29.Ree1 Rh6 30.Ne6+ Nxe6 31.dxe6 Rxg1 32.e7+ Kc7 33.Kxg1 Nb2 34.
e8=Q Bxe8 35.Rxe8 Nd3 36.f5 Rf6 37.Be6 Ne5 38.Kg2 Nxc4 39.Bg5 1-0

[Event "22nd EUR-ch (w)"]
[Site "Prague CZE"]
[Date "2022.08.29"]
[Round "9.46"]
[White "Tsirulnik, Maritsa"]
[Black "Sandu, Mihaela"]
[Result "1-0"]
[WhiteElo "2089"]
[BlackElo "2297"]
[EventDate "2022.08.20"]
[PlyCount "81"]

1.d4 Nf6 2.c4 g6 3.Nf3 Bg7 4.g3 O-O 5.Bg2 d6 6.O-O Nc6 7.Nc3 a6 8.h3 Bd7 
9.Be3 Rb8 10.Rc1 b5 11.Nd2 Na5 12.cxb5 axb5 13.b4 Nc4 14.Nxc4 bxc4 15.a3 
Qc8 16.Bg5 c6 17.Kh2 h6 18.Be3 Rd8 19.Qd2 Kh7 20.Rb1 c5 21.dxc5 dxc5 22.
Bxc5 Bxh3 23.Bxh3 Rxd2 24.Bxc8 Rxc8 25.Rfc1 Ng4+ 26.Kg2 f5 27.Kf1 f4 28.
gxf4 Rf8 29.f3 Rxf4 30.Ke1 Rd7 31.fxg4 Bf6 32.Bf2 h5 33.gxh5 gxh5 34.e3 
Rg4 35.Ke2 h4 36.Kf3 Rg7 37.Ne4 Be5 38.Rxc4 Rd3 39.Rh1 Rxa3 40.Rxh4+ Kg8 
41.Rg4 1-0

[Event "22nd EUR-ch (w)"]
[Site "Prague CZE"]
[Date "2022.08.29"]
[Round "9.47"]
[White "Richterova, Natasa"]
[Black "Head, Louise"]
[Result "1-0"]
[WhiteElo "2215"]
[BlackElo "2024"]
[EventDate "2022.08.20"]
[PlyCount "109"]

1.e4 c6 2.d4 d5 3.Nd2 dxe4 4.Nxe4 Nf6 5.Nxf6+ exf6 6.Nf3 Bd6 7.Be2 O-O 8.
O-O Re8 9.Re1 Nd7 10.c4 Nf8 11.Be3 Bg4 12.h3 Bh5 13.Qb3 Qc7 14.c5 Be7 15.
d5 cxd5 16.Qxd5 Bg6 17.b4 Ne6 18.Rac1 Rac8 19.Nh4 Red8 20.Qc4 f5 21.Nxg6 
hxg6 22.g3 Bg5 23.f4 Bf6 24.Bf3 Rd7 25.Bd5 Nf8 26.h4 Rcd8 27.Red1 Re7 28.
Bf2 Rde8 29.Re1 Ne6 30.a4 Nd8 31.Kf1 Rxe1+ 32.Rxe1 Rxe1+ 33.Bxe1 Be7 34.
Bf2 Kf8 35.Bd4 Nc6 36.Bxc6 Qxc6 37.b5 Qh1+ 38.Bg1 g5 39.hxg5 Qf3+ 40.Bf2 
Qd1+ 41.Kg2 Qd7 42.c6 bxc6 43.bxc6 Qc7 44.Qa6 Bd8 45.Bxa7 Qd6 46.Qb5 Kg8 
47.Bf2 Qc7 48.Bc5 g6 49.a5 Qc8 50.a6 Qe6 51.Bf2 Qe4+ 52.Kg1 Qc2 53.a7 Qa2 
54.Qb8 Kh7 55.a8=Q 1-0

[Event "22nd EUR-ch (w)"]
[Site "Prague CZE"]
[Date "2022.08.29"]
[Round "9.48"]
[White "Sedina, Elena"]
[Black "Bashylina, Luisa"]
[Result "1/2-1/2"]
[WhiteElo "2213"]
[BlackElo "2018"]
[EventDate "2022.08.20"]
[PlyCount "98"]

1.e4 c5 2.Nf3 d6 3.Bb5+ Nd7 4.Ba4 Nf6 5.O-O a6 6.c4 e6 7.Nc3 Be7 8.d4 cxd4
9.Qxd4 O-O 10.Rd1 Nc5 11.Bc2 e5 12.Qe3 Bg4 13.h3 Bxf3 14.Qxf3 Ne6 15.Be3 
Rc8 16.b3 b5 17.Bd3 Nd4 18.Qg3 bxc4 19.bxc4 g6 20.Bh6 Re8 21.Qe3 Qa5 22.
Qd2 Rb8 23.Rab1 Qa3 24.Qc1 Qa5 25.Qd2 Qa3 26.Qc1 Qa5 27.Bd2 Rxb1 28.Qxb1 
Qc7 29.Nd5 Qc6 30.Be3 Bd8 31.Qb8 Qa4 32.Rb1 Nxd5 33.cxd5 Qa3 34.Bf1 Qxa2 
35.Rc1 Nc2 36.Qxd6 Nxe3 37.fxe3 Bg5 38.Qc6 Bxe3+ 39.Kh1 Rf8 40.Qc2 Qa3 41.
Rb1 Bf4 42.Rb3 Qa5 43.Qd3 Qe1 44.Qe2 Qxe2 45.Bxe2 a5 46.g3 Bd2 47.Kg2 Bb4 
48.Bb5 Rc8 49.Bc6 Kf8 1/2-1/2

[Event "22nd EUR-ch (w)"]
[Site "Prague CZE"]
[Date "2022.08.29"]
[Round "9.49"]
[White "Schloffer, Jasmin-Denise"]
[Black "Polterauer, Chiara"]
[Result "1/2-1/2"]
[WhiteElo "2127"]
[BlackElo "2183"]
[EventDate "2022.08.20"]
[PlyCount "35"]

1.d4 Nf6 2.c4 e6 3.Nc3 Bb4 4.e3 O-O 5.Bd3 c5 6.Nf3 d5 7.O-O cxd4 8.exd4 
dxc4 9.Bxc4 b6 10.Bg5 Bb7 11.Ne5 Bxc3 12.bxc3 Qc7 13.Bxf6 gxf6 14.Qg4+ Kh8
15.Qh4 fxe5 16.Qf6+ Kg8 17.Qg5+ Kh8 18.Qf6+ 1/2-1/2

[Event "22nd EUR-ch (w)"]
[Site "Prague CZE"]
[Date "2022.08.29"]
[Round "9.50"]
[White "Tashkinova, Sofiia"]
[Black "Ciolacu, Alessia-Mihaela"]
[Result "1/2-1/2"]
[WhiteElo "2011"]
[BlackElo "2169"]
[EventDate "2022.08.20"]
[PlyCount "105"]

1.e4 c5 2.Nf3 d6 3.Bb5+ Nc6 4.O-O Bd7 5.Re1 a6 6.Bxc6 Bxc6 7.d4 cxd4 8.
Nxd4 Qc7 9.c4 Nf6 10.Nc3 e6 11.b3 Be7 12.Qd3 O-O 13.f4 Rfe8 14.h3 Nd7 15.
Kh1 Nc5 16.Qd1 Bf6 17.Bb2 b6 18.b4 Nd7 19.b5 Bb7 20.bxa6 Bxa6 21.Ndb5 Qc6 
22.Nxd6 Red8 23.e5 Bh4 24.Re3 Bxc4 25.Qh5 Bf2 26.Qxf7+ Kh8 27.Rf3 Rf8 28.
Qe7 Nxe5 29.Rxf2 Ng6 30.Qb7 Qxd6 31.Rd1 Qb8 32.Qe4 Qc7 33.Rfd2 Qxf4 34.Rd7
Qxe4 35.Nxe4 e5 36.a3 Bb5 37.R7d6 Rab8 38.Ng5 Kg8 39.Ne6 Rf6 40.Ng5 h6 41.
Nf3 Be2 42.Rd8+ Rf8 43.Rxb8 Rxb8 44.Rd6 Bxf3 45.Rxg6 Be4 46.Rxg7+ Kxg7 47.
Bxe5+ Kg6 48.Bxb8 b5 49.Kh2 h5 50.Kg3 Bd5 51.Kf2 Be4 52.Kg3 Bd5 53.Kf2 
1/2-1/2

[Event "22nd EUR-ch (w)"]
[Site "Prague CZE"]
[Date "2022.08.29"]
[Round "9.51"]
[White "Folkova, Martina"]
[Black "Utiatskaya, Irina"]
[Result "1-0"]
[WhiteElo "1991"]
[BlackElo "2154"]
[EventDate "2022.08.20"]
[PlyCount "55"]

1.e4 e6 2.d4 d5 3.Nd2 h6 4.Bd3 c5 5.dxc5 Bxc5 6.Ngf3 Nf6 7.Qe2 O-O 8.O-O 
Nc6 9.c3 Bb6 10.h3 Bc7 11.Re1 Kh8 12.Bc2 e5 13.exd5 Nxd5 14.Nc4 Nf4 15.
Bxf4 exf4 16.Rad1 Qf6 17.Nce5 Bb6 18.Nd7 Bxd7 19.Rxd7 Rab8 20.Qd3 g6 21.
Rd6 Qg7 22.Bb3 g5 23.Qf5 Na5 24.Bd5 Nc6 25.Rd7 Kg8 26.Rd6 Qh7 27.Rg6+ Kh8 
28.Qf6+ 1-0

[Event "22nd EUR-ch (w)"]
[Site "Prague CZE"]
[Date "2022.08.29"]
[Round "9.52"]
[White "Orian, Noga"]
[Black "Ibrahimova, Sabina"]
[Result "0-1"]
[WhiteElo "1855"]
[BlackElo "2146"]
[EventDate "2022.08.20"]
[PlyCount "120"]

1.d4 Nf6 2.Nf3 g6 3.Nbd2 c5 4.dxc5 Qa5 5.e4 Qxc5 6.Bd3 d6 7.O-O Bg7 8.h3 
O-O 9.Re1 Nbd7 10.a4 Qc7 11.Nb3 Nc5 12.Nxc5 Qxc5 13.Be3 Qc7 14.Qd2 Nd7 15.
Bd4 e5 16.Bc3 Nc5 17.Red1 Bd7 18.Bb4 d5 19.Bxc5 Qxc5 20.Be2 d4 21.c3 Bc6 
22.cxd4 exd4 23.Rac1 Qe7 24.Nxd4 Bxa4 25.b3 Rfd8 26.bxa4 Rxd4 27.Qc2 Rad8 
28.Rxd4 Bxd4 29.Bf3 Qg5 30.Rd1 Qe5 31.Qc4 b6 32.Qb5 Qf4 33.Qe2 h5 34.Qf1 
Rd6 35.Qe2 h4 36.Qd2 Qf6 37.Qc2 Kg7 38.Qe2 a6 39.Qc2 b5 40.axb5 axb5 41.
Qe2 b4 42.e5 Bxe5 43.Rxd6 Bxd6 44.Qc2 Qe5 45.Kf1 Bc5 46.Qe4 Qb2 47.Qe2 Qd4
48.Be4 b3 49.Bb1 Qa1 50.Qd1 Qb2 51.Qe1 Bxf2 52.Qd1 Bc5 53.Qe1 Qd4 54.Ke2 
b2 55.Qd2 Qc4+ 56.Kd1 Ba3 57.Qc2 Qf1+ 58.Kd2 Qxg2+ 59.Kd1 Qxh3 60.Qe4 Qd7+
0-1

[Event "22nd EUR-ch (w)"]
[Site "Prague CZE"]
[Date "2022.08.29"]
[Round "9.53"]
[White "Spanko, Nadia"]
[Black "Svobodova, Michaela"]
[Result "0-1"]
[WhiteElo "2136"]
[BlackElo "1943"]
[EventDate "2022.08.20"]
[PlyCount "114"]

1.e4 c5 2.Nf3 Nc6 3.Bc4 Nf6 4.e5 d5 5.Bb5 Ng8 6.O-O Bg4 7.h3 Bxf3 8.Bxc6+ 
bxc6 9.Qxf3 e6 10.Nc3 Ne7 11.b3 Nf5 12.Ba3 Qa5 13.Bb2 h5 14.d3 Be7 15.Na4 
g5 16.c3 Kd7 17.g3 g4 18.hxg4 hxg4 19.Qe2 Rh3 20.Kg2 Rah8 21.Rh1 Qd8 22.
Qxg4 Rxg3+ 23.Qxg3 Nxg3 24.fxg3 Qg8 25.Rxh8 Qxh8 26.Re1 Qh6 27.Re2 Qh5 28.
Re1 Qf5 29.Re3 c4 30.dxc4 dxc4 31.Re2 cxb3 32.axb3 Qd3 33.Kf2 Kc7 34.Bc1 
Qb5 35.Re4 Qxb3 36.Be3 Qc2+ 37.Kf3 Qd1+ 38.Kf2 Qh1 39.Rf4 Qh2+ 40.Kf3 Qh5+
41.g4 Qh3+ 42.Ke2 Qg2+ 43.Bf2 Bh4 44.Rxf7+ Kd8 45.Nc5 Qxg4+ 46.Kd2 Ke8 47.
Rf6 Bxf6 48.exf6 Qf4+ 49.Be3 Qxf6 50.Nd3 a5 51.Bc5 e5 52.Ke3 Qf5 53.Bd6 e4
54.Nf4 Kd7 55.Ba3 Qe5 56.Ne2 Qd5 57.Nd4 c5 0-1

[Event "22nd EUR-ch (w)"]
[Site "Prague CZE"]
[Date "2022.08.29"]
[Round "9.54"]
[White "Tsotsonava, Elene"]
[Black "Dwilewicz, Katarzyna"]
[Result "1-0"]
[WhiteElo "1858"]
[BlackElo "2131"]
[EventDate "2022.08.20"]
[PlyCount "115"]

1.e4 c5 2.Nf3 e6 3.d4 cxd4 4.Nxd4 Nc6 5.Nc3 Qc7 6.Be3 a6 7.Qd2 Nf6 8.O-O-O
Bb4 9.f3 O-O 10.a3 Be7 11.g4 b5 12.g5 Nh5 13.Nce2 b4 14.Nxc6 dxc6 15.axb4 
e5 16.Ng3 Nf4 17.Bxf4 exf4 18.Nh5 Qe5 19.h4 a5 20.Qxf4 Qxf4+ 21.Nxf4 axb4 
22.Bc4 Bc5 23.Kd2 Bd6 24.Nd3 c5 25.Ke3 Ba6 26.Bxa6 Rxa6 27.Ra1 Rc6 28.Rhd1
Rfc8 29.c4 bxc3 30.bxc3 c4 31.Nf4 Bc5+ 32.Ke2 h6 33.Nd5 Kf8 34.Ra4 Bd6 35.
f4 Bb8 36.Kf3 Rd8 37.Ra8 Ke8 38.Nf6+ gxf6 39.Rxd8+ Kxd8 40.Rxb8+ Kc7 41.
Rf8 fxg5 42.Rxf7+ Kd8 43.hxg5 hxg5 44.fxg5 Rd6 45.Kg4 Ke8 46.Rc7 Rd3 47.
Rxc4 Ke7 48.Kf4 Rd1 49.g6 Rg1 50.Kf5 Rf1+ 51.Ke5 Rg1 52.Rc7+ Kd8 53.Rc6 
Kd7 54.Ra6 Ke7 55.Ra7+ Kf8 56.g7+ Kg8 57.c4 Rg5+ 58.Kd4 1-0

[Event "22nd EUR-ch (w)"]
[Site "Prague CZE"]
[Date "2022.08.29"]
[Round "9.55"]
[White "Kucharska, Honorata"]
[Black "Acarbay, Algi"]
[Result "1-0"]
[WhiteElo "2193"]
[BlackElo "1951"]
[EventDate "2022.08.20"]
[PlyCount "81"]

1.e4 c5 2.Nf3 d6 3.d4 cxd4 4.Nxd4 Nf6 5.Nc3 a6 6.Be2 e6 7.O-O Be7 8.a4 O-O
9.Be3 Nc6 10.Nb3 b6 11.Nd4 Bb7 12.Nxc6 Bxc6 13.Qd4 e5 14.Qd3 Qc7 15.Bf3 
Bb7 16.Rfd1 Rac8 17.Rac1 h6 18.Ne2 Rfd8 19.c4 Nd7 20.Bg4 Nc5 21.Qa3 Rb8 
22.f3 a5 23.Nc3 Bg5 24.Bxg5 hxg5 25.b4 axb4 26.Qxb4 Bc6 27.Rb1 Rb7 28.Rd2 
g6 29.Bh3 Kg7 30.Rbd1 Ra7 31.Rb1 Ra6 32.g3 Rb8 33.Bf1 Bxa4 34.Ra1 Rba8 35.
Nd5 Qa7 36.Rb2 b5 37.Kg2 bxc4 38.Bxc4 Ra5 39.Rba2 Rb8 40.Qd2 Qb7 41.Qxa5 
1-0

[Event "22nd EUR-ch (w)"]
[Site "Prague CZE"]
[Date "2022.08.29"]
[Round "9.56"]
[White "Kordzadze, Nino"]
[Black "Levitan, Ronit"]
[Result "0-1"]
[WhiteElo "1993"]
[BlackElo "2158"]
[EventDate "2022.08.20"]
[PlyCount "156"]

1.c4 e6 2.g3 d5 3.Bg2 dxc4 4.Qa4+ Nd7 5.Qxc4 a6 6.Qc2 Ngf6 7.Nc3 c5 8.d3 
Qc7 9.Be3 Rb8 10.Nf3 b5 11.O-O Bb7 12.Rac1 Bd6 13.b4 Rc8 14.Qb2 Qb8 15.
bxc5 Bxc5 16.Bxc5 Nxc5 17.Rb1 O-O 18.a4 bxa4 19.Qa3 Qa8 20.Nxa4 Nxa4 21.
Qxa4 Bc6 22.Qh4 a5 23.g4 a4 24.g5 Nd7 25.e4 Qa5 26.g6 hxg6 27.Ng5 Nf6 28.
d4 a3 29.d5 a2 30.Ra1 exd5 31.e5 Nh5 32.Bh3 Ra8 33.e6 Qa4 34.exf7+ Kh8 35.
Qxa4 Rxa4 36.Rfc1 Rc4 37.Rxc4 dxc4 38.Be6 c3 39.Rxa2 Nf4 40.Rc2 Ra8 41.f3 
Ba4 42.Ra2 c2 43.Ra1 c1=Q+ 44.Rxc1 Ne2+ 45.Kf2 Nxc1 46.Bd5 Rf8 47.Be4 Nb3 
48.Bxg6 Nc5 49.Nh7 Rxf7 50.Bxf7 Kxh7 51.Bd5 Bb3 52.Bc6 Kg6 53.Kg3 Ne6 54.
h4 Nd4 55.Be8+ Bf7 56.Bd7 Nf5+ 57.Kg4 Nd4 58.Ba4 Bd5 59.Be8+ Kh6 60.f4 
Be6+ 61.Kg3 Nf5+ 62.Kf3 Nxh4+ 63.Ke4 Bf5+ 64.Ke5 Bg6 65.Bc6 Kh5 66.Bd7 Bc2
67.Bc6 Ng6+ 68.Kd4 Nxf4 69.Ke3 g5 70.Kf2 Kh4 71.Bd7 Be4 72.Ke3 Bg2 73.Kf2 
Bh3 74.Bc6 g4 75.Ke3 Ng2+ 76.Kf2 g3+ 77.Ke2 Nf4+ 78.Ke3 Bg2 0-1

[Event "22nd EUR-ch (w)"]
[Site "Prague CZE"]
[Date "2022.08.29"]
[Round "9.57"]
[White "Sevcikova, Lucia"]
[Black "Markova, Karolina"]
[Result "1/2-1/2"]
[WhiteElo "2058"]
[BlackElo "1635"]
[EventDate "2022.08.20"]
[PlyCount "95"]

1.d4 Nf6 2.c4 g6 3.Nc3 Bg7 4.e4 d6 5.f4 O-O 6.Nf3 Bg4 7.Be2 Nbd7 8.h3 Bxf3
9.Bxf3 e5 10.fxe5 dxe5 11.d5 Qe7 12.Be3 a5 13.O-O Nc5 14.Qc2 Rfd8 15.Kh1 
b6 16.a3 Nfd7 17.Rad1 a4 18.Rf2 f6 19.Rdf1 Rf8 20.Bg4 Kh8 21.Nb5 Nb8 22.
Rd1 Rd8 23.Rfd2 Nb3 24.d6 cxd6 25.Rxd6 Rxd6 26.Rxd6 Na6 27.Rd7 Qf8 28.Bxb6
Nac5 29.Rd5 h5 30.Bf3 Rc8 31.Na7 Rb8 32.Bc7 Rb7 33.Rd8 Rxa7 34.Rxf8+ Bxf8 
35.Bb6 Rd7 36.Qf2 Rd2 37.Qh4 Be7 38.g4 Nd4 39.Bg2 Rd1+ 40.Kh2 Rd2 41.Qg3 
Rxb2 42.Bxc5 Bxc5 43.Qc3 Rc2 44.Qd3 Kh7 45.gxh5 gxh5 46.Qd1 Kg6 47.Qd3 Kh7
48.Qd1 1/2-1/2

[Event "22nd EUR-ch (w)"]
[Site "Prague CZE"]
[Date "2022.08.29"]
[Round "9.58"]
[White "Dvorakova, Olga"]
[Black "Koubova, Anna Marie"]
[Result "1-0"]
[WhiteElo "1921"]
[BlackElo "2122"]
[EventDate "2022.08.20"]
[PlyCount "45"]

1.d4 e6 2.c4 Bb4+ 3.Nc3 Bxc3+ 4.bxc3 Nf6 5.Nf3 b6 6.Bg5 h6 7.Bh4 Bb7 8.e3 
O-O 9.Bd3 d6 10.O-O Nbd7 11.Qc2 c5 12.Nd2 Rc8 13.Qb2 Qc7 14.f4 Qc6 15.e4 
d5 16.cxd5 exd5 17.e5 Ne4 18.Bb5 Qc7 19.Nxe4 dxe4 20.Be7 Rfe8 21.Bd6 Qd8 
22.Qb3 cxd4 23.cxd4 1-0